| 000 | 02781cam a2200373 i 4500 | ||
|---|---|---|---|
| 999 |
_c115403 _d115403 |
||
| 003 | BJBSDDR | ||
| 005 | 20230411090727.0 | ||
| 007 | ta | ||
| 008 | 150515s2016 nju b 001 0 eng | ||
| 020 | _a9780691157184 (hardcover : alk. paper) | ||
| 040 |
_aDLC _beng _cDLC |
||
| 041 | _aspa | ||
| 042 | _apcc | ||
| 050 | 1 | 4 |
_aB 146 _bV225p 2016 |
| 082 | 0 | 0 |
_a181/.6 _223 |
| 100 | 1 | _aVan de Mieroop, Marc | |
| 245 | 1 | 0 |
_aPhilosophy before the Greeks : _bthe pursuit of truth in ancient Babylonia / _cMarc Van De Mieroop. |
| 264 | 1 |
_aPrinceton : _bPrinceton University Press, _c[2016] |
|
| 300 |
_aviii, 297 pages ; _c25 cm |
||
| 336 |
_atext _btxt _2rdacontent |
||
| 337 |
_aunmediated _bn _2rdamedia |
||
| 338 |
_avolume _bnc _2rdacarrier |
||
| 504 | _aIncludes bibliographical references (pages 258-289) and index. | ||
| 505 | _aPart I. An essay in Babylonian epistemology -- At the time of creation -- Part II. The order of things (les mots et les choses) -- Word lists : a very short history -- Constructing reality -- Part III. Writings of the gods -- Omen lists in Babylonian culture -- The structure of knowledge of the universe -- Part IV. The word of the law -- Of ancient codes -- The philosopher-king -- Part V.A Babylonian epistemology -- Babylonian epistemology in history -- The conceptual autonomy of Babylonian epistemology. Title -- Copyright -- Contents -- Preface -- PART I AN ESSAY IN BABYLONIAN EPISTEMOLOGY -- CHAPTER 1: At the Time of Creation -- PART II THE ORDER OF THINGS (LES MOTS ET LES CHOSES) -- CHAPTER 2: Word Lists: A Very Short History CHAPTER 3: Constructing Reality PART III WRITINGS OF THE GODS -- CHAPTER 4: Omen Lists in Babylonian Culture -- CHAPTER 5: The Structure of Knowledge of the Universe -- PART IV THE WORD OF THE LAW CHAPTER 6: Of Ancient Codes CHAPTER 7: The Philosopher-King -- PART V A BABYLONIAN EPISTEMOLOGY -- CHAPTER 8: Babylonian Epistemology in History CHAPTER 9: The Conceptual Autonomy of Babylonian Epistemology Notes -- Bibliography -- Index | ||
| 520 | _aIn this intellectual history, historian of the ancient Near East Marc Van de Mieroop argues that, for three millennia preceding the Greeks, there were Babylonian philosophers who systematically studied knowledge--about language, divination, and the law--using a coherent system of logic rooted in practices of cuneiform script.--From publisher description. | ||
| 650 | 0 | _aPhilosophy, Babylonian. | |
| 650 | 0 |
_aKnowledge, Theory of _zIraq _zBabylonia. |
|
| 650 | 4 |
_aFilosofía babilónica _918004 |
|
| 650 | 4 |
_aConocimiento, Teoria del _911607 |
|
| 906 |
_a7 _bcbc _corignew _d1 _eecip _f20 _gy-gencatlg |
||
| 942 |
_2lcc _cBK |
||
| 946 | _iYSL | ||